[Event "XIII C.to Europeo"]
[Site "Plovdiv BUL"]
[Date "2012.03.25"]
[Round "6"]
[White "Stella, Andrea"]
[Black "Macieja, Bartlomiej"]
[Result "0-1"]
[WhiteElo "2439"]
[BlackElo "2605"]
[PlyCount "66"]
[EventDate "2012.03.20"]

1. c4 e5 2. g3 Nf6 3. Bg2 d5 4. cxd5 Nxd5 5. Nc3 Nb6 6. Nf3 Nc6 7. O-O Be7 8.
a3 O-O 9. b4 Be6 10. d3 a5 11. b5 Nd4 12. Nd2 a4 13. Bxb7 Ra5 14. Rb1 Qe8 15.
Bb2 Nxb5 16. Nxb5 Rxb5 17. Bg2 Ba2 18. Qc1 Rc5 19. Qd1 Bxb1 20. Qxb1 Bf6 21.
Ne4 Rb5 22. Qa1 Qe7 23. f4 g6 24. fxe5 Bxe5 25. d4 Bd6 26. Nxd6 Qe3+ 27. Rf2
cxd6 28. Bc6 Rb3 29. d5 Nc4 30. Bd4 Qe4 31. Rf1 Rxa3 32. Qd1 Ne3 33. Bxe3 Qxe3+
0-1

[Event "XIII C.to Europeo"]
[Site "Plovdiv BUL"]
[Date "2012.03.27"]
[Round "7"]
[White "Antal, Tibor Kende"]
[Black "Stella, Andrea"]
[Result "0-1"]
[WhiteElo "2352"]
[BlackElo "2439"]
[PlyCount "96"]
[EventDate "2012.03.20"]

1. e4 g6 2. d4 Bg7 3. Nc3 c6 4. f4 d5 5. e5 Nh6 6. Nf3 Bg4 7. Be3 f6 8. h3 Bxf3
9. Qxf3 fxe5 10. fxe5 Nf5 11. Bd3 O-O 12. Bxf5 Rxf5 13. Qe2 c5 14. g4 Rf8 15.
dxc5 e6 16. O-O-O Nc6 17. Nb5 Qa5 18. a3 Bxe5 19. Bh6 a6 20. Nc3 Rf7 21. Rhf1
Rxf1 22. Rxf1 Qxc5 23. h4 Qe7 24. Qf3 Bg7 25. Bxg7 Kxg7 26. Re1 Qf6 27. Qg3 Rf8
28. g5 Qf4+ 29. Qxf4 Rxf4 30. Rxe6 Rxh4 31. Nxd5 Rg4 32. Nb4 Nxb4 33. axb4 Rxg5
34. Re7+ Kg8 35. Rxb7 h5 36. Re7 h4 37. Re1 h3 38. Rh1 Rg3 39. c4 Kf7 40. Kd2
g5 41. b5 axb5 42. cxb5 g4 43. b6 Rb3 44. Ke2 Kg6 45. b7 Rxb7 46. Ke3 Kg5 47.
Rh2 Rb3+ 48. Ke4 Kh4 0-1

[Event "XIII C.to Europeo"]
[Site "Plovdiv BUL"]
[Date "2012.03.27"]
[Round "7"]
[White "Berman, Mark"]
[Black "Codenotti, Marco"]
[Result "0-1"]
[WhiteElo "2129"]
[BlackElo "2328"]
[PlyCount "120"]
[EventDate "2012.03.20"]

1. d4 Nf6 2. Nf3 g6 3. g3 Bg7 4. Bg2 O-O 5. O-O d5 6. c4 dxc4 7. Na3 Nc6 8.
Nxc4 Be6 9. b3 a5 10. Bb2 a4 11. Ng5 Bg4 12. h3 Bd7 13. e4 h6 14. d5 hxg5 15.
dxc6 Bxc6 16. e5 Nd5 17. e6 f6 18. Qd3 Kh7 19. Rfd1 Nb6 20. Nxb6 Qxd3 21. Rxd3
cxb6 22. Bxc6 bxc6 23. Rd7 Rfe8 24. b4 a3 25. Bd4 f5 26. Bxg7 Kxg7 27. Rc1 Ra4
28. Rxc6 Rxb4 29. Ra7 Kf6 30. Rxa3 Rd8 31. Kg2 Rd2 32. Rb3 Rxb3 33. axb3 Rd6
34. Rc7 Rxe6 35. Kf3 Rd6 36. Ke3 e5 37. Rc8 e4 38. b4 Ke5 39. Re8+ Kd5 40. b5
Re6 41. Rc8 Ke5 42. Rf8 Rf6 43. Rd8 f4+ 44. Ke2 Rd6 45. Rc8 f3+ 46. Ke1 Rd5 47.
Rc6 Rxb5 48. Rxg6 Rb1+ 49. Kd2 Rf1 50. Rxb6 Rxf2+ 51. Ke1 Rg2 52. Rb5+ Kd4 53.
Rb4+ Kd3 54. Rb3+ Kc4 55. Ra3 Rxg3 56. Ra4+ Kd3 57. Ra3+ Kd4 58. Ra4+ Ke3 59.
Ra3+ Kf4 60. h4 Rg1+ 0-1

[Event "XIII C.to Europeo"]
[Site "Plovdiv BUL"]
[Date "2012.03.27"]
[Round "7"]
[White "Rombaldoni, Axel"]
[Black "Pop, Alexandru"]
[Result "1-0"]
[WhiteElo "2464"]
[BlackElo "2272"]
[PlyCount "67"]
[EventDate "2012.03.20"]

1. e4 c5 2. Nf3 Nc6 3. d4 cxd4 4. Nxd4 g6 5. c4 Bg7 6. Be3 Nf6 7. Nc3 O-O 8.
Be2 d6 9. O-O Bd7 10. Nc2 Rc8 11. Rc1 Ne5 12. b3 Qa5 13. Qd2 Nc6 14. b4 Qd8 15.
f3 Be6 16. Nd5 Ne5 17. Nd4 Nxd5 18. cxd5 Bd7 19. h3 Ba4 20. Rxc8 Qxc8 21. Rc1
Qb8 22. Qc3 Nd7 23. Qc7 Bf6 24. Nb5 Bxb5 25. Bxb5 Nb6 26. a4 Rc8 27. Qxb8 Rxb8
28. a5 a6 29. Bxb6 axb5 30. Rc7 Kf8 31. Kf1 Bb2 32. Ba7 Ra8 33. Rxb7 Bc3 34.
Rb8+ 1-0

[Event "XIII C.to Europeo"]
[Site "Plovdiv BUL"]
[Date "2012.03.28"]
[Round "8"]
[White "Codenotti, Marco"]
[Black "Rombaldoni, Axel"]
[Result "1-0"]
[WhiteElo "2328"]
[BlackElo "2464"]
[PlyCount "41"]
[EventDate "2012.03.20"]

1. e4 c5 2. Nf3 a6 3. c3 e6 4. d4 d5 5. exd5 exd5 6. g3 Nf6 7. Bg2 Bg4 8. O-O
cxd4 9. h3 Bh5 10. Qb3 d3 11. g4 Bg6 12. g5 Ne4 13. Qxb7 Bc5 14. Qxa8 O-O 15.
Qb7 Ng3 16. Nd4 Nxf1 17. Kxf1 Bxd4 18. cxd4 Qd6 19. Qxd5 Qh2 20. Qf3 Nc6 21.
Bf4 1-0

[Event "XIII C.to Europeo"]
[Site "Plovdiv BUL"]
[Date "2012.03.28"]
[Round "8"]
[White "Edouard, Romain"]
[Black "Dvirnyy, Danyyil"]
[Result "1-0"]
[WhiteElo "2607"]
[BlackElo "2507"]
[PlyCount "39"]
[EventDate "2012.03.20"]

1. d4 Nf6 2. c4 d6 3. Nc3 e5 4. Nf3 Nbd7 5. e4 g6 6. g3 Bg7 7. Bg2 O-O 8. O-O
a6 9. Re1 c6 10. h3 Re8 11. Be3 b5 12. c5 exd4 13. Nxd4 Bb7 14. cxd6 c5 15. Nb3
Nxe4 16. Nxe4 Bxe4 17. Bxe4 Rxe4 18. Qf3 Qe8 19. Kf1 Rd8 20. Bg5 1-0

[Event "XIII C.to Europeo"]
[Site "Plovdiv BUL"]
[Date "2012.03.28"]
[Round "8"]
[White "Fodor, Tamas jr"]
[Black "Brunello, Sabino"]
[Result "1/2-1/2"]
[WhiteElo "2482"]
[BlackElo "2587"]
[PlyCount "108"]
[EventDate "2012.03.20"]

1. d4 Nf6 2. c4 g6 3. Nc3 d5 4. Nf3 Bg7 5. e3 O-O 6. cxd5 Nxd5 7. Bc4 Nb6 8.
Bb3 c5 9. O-O cxd4 10. exd4 Nc6 11. d5 Na5 12. Be3 Bg4 13. h3 Bxf3 14. Qxf3
Nbc4 15. Rac1 Nxb3 16. axb3 Nxe3 17. Qxe3 a6 18. Rfd1 Rc8 19. Rd3 Qd6 20. Rcd1
Rc7 21. h4 Rfc8 22. h5 gxh5 23. Qh3 b5 24. Qxh5 Bxc3 25. bxc3 Rxc3 26. Rd4 h6
27. g3 Rc1 28. Rxc1 Rxc1+ 29. Kh2 e5 30. Rg4+ Kf8 31. Rh4 Rc5 32. Qf5 Rxd5 33.
Qc8+ Ke7 34. Qb7+ Qd7 35. Qxa6 Qf5 36. Qa7+ Qd7 37. Qb6 Qd6 38. Qb7+ Qd7 39.
Qb6 Rd6 40. Qc5 Qc6 41. Qxe5+ Re6 42. Qd4 Rd6 43. Re4+ Kd8 44. Qh8+ Kc7 45.
Re7+ Rd7 46. Qe5+ Kb7 47. Re8 Rd5 48. Qe7+ Qd7 49. Qe4 Qf5 50. Re7+ Kc6 51. Qe3
Rd3 52. Qa7 Qh5+ 53. Kg2 Qf3+ 54. Kh2 Qh5+ 1/2-1/2

[Event "XIII C.to Europeo"]
[Site "Plovdiv BUL"]
[Date "2012.03.28"]
[Round "8"]
[White "Godena, Michele"]
[Black "Schneider, Veronika"]
[Result "1-0"]
[WhiteElo "2508"]
[BlackElo "2312"]
[PlyCount "43"]
[EventDate "2012.03.20"]

1. e4 c5 2. Nf3 e6 3. g3 Nc6 4. Bg2 b5 5. O-O Bb7 6. c3 Nf6 7. Qe2 Qb6 8. Rd1
Rc8 9. d4 cxd4 10. cxd4 d5 11. exd5 Nxd5 12. Nc3 Nxc3 13. bxc3 Ne7 14. Rb1 Nd5
15. Bd2 Be7 16. Ne5 Nxc3 17. Bxc3 Bxg2 18. Rxb5 Qd6 19. Bb4 Qa6 20. Bxe7 Bd5
21. Bc5 f6 22. Rb8 1-0

[Event "XIII C.to Europeo"]
[Site "Plovdiv BUL"]
[Date "2012.03.28"]
[Round "8"]
[White "Stella, Andrea"]
[Black "Ponkratov, Pavel"]
[Result "0-1"]
[WhiteElo "2439"]
[BlackElo "2607"]
[PlyCount "174"]
[EventDate "2012.03.20"]

1. c4 e5 2. g3 Nf6 3. Bg2 Nc6 4. Nc3 Bc5 5. e3 d5 6. cxd5 Nb4 7. d4 exd4 8.
exd4 Be7 9. Nge2 Nbxd5 10. O-O O-O 11. Qb3 Nb6 12. d5 Re8 13. h3 Bf5 14. Be3
Nfd7 15. g4 Bg6 16. Nf4 Nc5 17. Qd1 Nc4 18. Nxg6 hxg6 19. Bd4 Nxb2 20. Qc2 Nbd3
21. Rad1 Nf4 22. d6 Qxd6 23. Be3 Qe5 24. Nd5 Nce6 25. Nxf4 Nxf4 26. Bxf4 Qxf4
27. Qe4 Qxe4 28. Bxe4 Rab8 29. Rd7 Bd6 30. Bd5 Re7 31. Rxe7 Bxe7 32. a4 b5 33.
Re1 Bb4 34. Re4 bxa4 35. Rf4 Kh7 36. g5 Be7 37. Rxa4 Rb5 38. Bxf7 Rxg5+ 39. Rg4
Re5 40. Bxg6+ Kh6 41. Bd3 Bf6 42. Rc4 c5 43. Kf1 Rd5 44. Be4 Rd4 45. Rxd4 cxd4
46. Ke2 Kg5 47. Kd3 Kf4 48. Bc6 Ke5 49. Kc4 Bg5 50. Kd3 Kd6 51. Be8 Ke5 52. Bf7
a5 53. f3 a4 54. Be8 a3 55. Bf7 Be3 56. Ba2 Kd6 57. Ke2 Ke5 58. Bb3 Kf4 59. Ba2
Kg3 60. Be6 g5 61. Ba2 Kxh3 62. Kd3 Kg3 63. Ke2 Kf4 64. Bd5 Bc1 65. Kd3 Bb2 66.
Ke2 Kg3 67. Ke1 Bc1 68. Ke2 Be3 69. Ba2 Bf4 70. Bd5 Be5 71. Ke1 a2 72. Bxa2
Kxf3 73. Bd5+ Ke3 74. Be6 d3 75. Bg4 Bf4 76. Bh5 Bd6 77. Kf1 Bb4 78. Bg4 Kf4
79. Bd1 Kg3 80. Kg1 g4 81. Kf1 Kh3 82. Ba4 Kh2 83. Bc6 d2 84. Ke2 g3 85. Bf3 g2
86. Bxg2 Kxg2 87. Kd1 Kf3 0-1

[Event "XIII C.to Europeo"]
[Site "Plovdiv BUL"]
[Date "2012.03.29"]
[Round "9"]
[White "Miron, Lucian-Costin"]
[Black "Codenotti, Marco"]
[Result "1-0"]
[WhiteElo "2518"]
[BlackElo "2328"]
[PlyCount "51"]
[EventDate "2012.03.20"]

1. d4 Nf6 2. c4 g6 3. Nc3 d5 4. Nf3 Bg7 5. e3 O-O 6. Qb3 dxc4 7. Bxc4 c5 8. d5
Nbd7 9. O-O Qc7 10. e4 Ne5 11. Nxe5 Qxe5 12. f3 b6 13. Be3 e6 14. dxe6 Bxe6 15.
f4 Qd6 16. e5 Bxc4 17. Qxc4 Qe7 18. Qe2 Ne8 19. Rad1 Rd8 20. Rxd8 Qxd8 21. Rd1
Qe7 22. Qg4 Qe6 23. h3 Nc7 24. Rd7 f5 25. Qd1 Rf7 26. Rxc7 1-0

[Event "XIII C.to Europeo"]
[Site "Plovdiv BUL"]
[Date "2012.03.29"]
[Round "9"]
[White "Rombaldoni, Axel"]
[Black "Donchenko, Alexander"]
[Result "0-1"]
[WhiteElo "2464"]
[BlackElo "2309"]
[PlyCount "114"]
[EventDate "2012.03.20"]

1. e4 c5 2. Nf3 d6 3. d4 cxd4 4. Nxd4 Nf6 5. Nc3 a6 6. Be3 e6 7. Qf3 Qc7 8. g4
b5 9. g5 Nfd7 10. Qh3 Ne5 11. Rd1 Nbc6 12. Nxc6 Qxc6 13. a3 Bb7 14. f4 Nc4 15.
Bc1 g6 16. Bg2 Bg7 17. O-O h6 18. gxh6 Bxh6 19. Qg3 Bg7 20. Rd3 O-O-O 21. b3
Nb6 22. Rf2 Qc7 23. Bb2 Rh7 24. Nd5 Nxd5 25. Bxg7 Rxg7 26. exd5 Kb8 27. c4 Qc5
28. cxb5 axb5 29. b4 Qb6 30. Qg5 Rc8 31. f5 exf5 32. Bf3 Rh7 33. Qe3 Ka7 34.
Re2 Rh4 35. Qxb6+ Kxb6 36. Re7 Rc7 37. Re8 Rc1+ 38. Kg2 Rc2+ 39. Re2 Rxe2+ 40.
Bxe2 Re4 41. Bf3 Re5 42. h4 f6 43. h5 g5 44. h6 Re7 45. Kf2 Rh7 46. Re3 Bc8 47.
Be2 f4 48. Re8 Bd7 49. Bd3 Rxh6 50. Re7 Bg4 51. Rf7 Rh2+ 52. Ke1 Rh1+ 53. Kd2
Rh6 54. Rf8 Bf3 55. Rb8+ Kc7 56. Re8 Rh2+ 57. Ke1 Bxd5 0-1

[Event "XIII C.to Europeo"]
[Site "Plovdiv BUL"]
[Date "2012.03.29"]
[Round "9"]
[White "Schneider, Veronika"]
[Black "Stella, Andrea"]
[Result "1/2-1/2"]
[WhiteElo "2312"]
[BlackElo "2439"]
[PlyCount "83"]
[EventDate "2012.03.20"]

1. e4 g6 2. d4 Bg7 3. Nc3 c6 4. h3 d6 5. Be3 Nd7 6. Qd2 Qa5 7. Nf3 Ngf6 8. Bd3
e5 9. O-O O-O 10. Rfd1 Qc7 11. a4 Re8 12. dxe5 dxe5 13. a5 Nf8 14. Bc4 Be6 15.
Qe2 b5 16. axb6 axb6 17. Ng5 Bxc4 18. Qxc4 h6 19. Nf3 Ne6 20. Rxa8 Rxa8 21. Qb4
b5 22. Bc5 Nd7 23. Bd6 Qb6 24. Be7 Nd4 25. Qd6 Qb7 26. Kf1 Re8 27. Ne2 Nb6 28.
Nexd4 exd4 29. Bf6 Nc8 30. Qf4 c5 31. e5 Qd5 32. Bxg7 Kxg7 33. b3 Qe6 34. Ra1
Ne7 35. Ra7 Qb6 36. Rd7 Qe6 37. Rb7 Qc6 38. Qf6+ Qxf6 39. exf6+ Kxf6 40. Rxb5
Rc8 41. b4 cxb4 42. Rxb4 1/2-1/2

[Event "XIII C.to Europeo"]
[Site "Plovdiv BUL"]
[Date "2012.03.29"]
[Round "9"]
[White "Shimanov, Aleksandr"]
[Black "Godena, Michele"]
[Result "1/2-1/2"]
[WhiteElo "2591"]
[BlackElo "2508"]
[PlyCount "95"]
[EventDate "2012.03.20"]

1. d4 d5 2. c4 c6 3. Nf3 Nf6 4. Nc3 e6 5. Bg5 h6 6. Bh4 dxc4 7. e4 g5 8. Bg3 b5
9. Be2 Bb7 10. Qc2 Nbd7 11. Rd1 Be7 12. O-O Qb6 13. Ne5 Nxe5 14. Bxe5 O-O 15.
h4 Rad8 16. hxg5 hxg5 17. Qc1 Nh7 18. Qe3 f6 19. Bh2 e5 20. dxe5 Qxe3 21. fxe3
Rxd1 22. Rxd1 Rd8 23. Rf1 fxe5 24. Bxe5 Bc5 25. Bh5 Bxe3+ 26. Kh1 Bf4 27. Bxf4
gxf4 28. e5 Bc8 29. Rxf4 Be6 30. Bf3 Rd2 31. Bxc6 a6 32. Kh2 Rxb2 33. Ne4 Kg7
34. a4 bxa4 35. Nc5 Ng5 36. Nxe6+ Nxe6 37. Rxc4 a3 38. Bd5 a2 39. Rg4+ Kh6 40.
Ra4 Nc5 41. Ra5 Re2 42. e6 Nxe6 43. Rxa6 Kg5 44. Bc4 Re3 45. Rxa2 Nf4 46. Ra5+
Kf6 47. g3 Rc3 48. gxf4 1/2-1/2

[Event "XIII C.to Europeo"]
[Site "Plovdiv BUL"]
[Date "2012.03.30"]
[Round "10"]
[White "Bartel, Mateusz"]
[Black "Brunello, Sabino"]
[Result "1/2-1/2"]
[WhiteElo "2665"]
[BlackElo "2587"]
[PlyCount "139"]
[EventDate "2012.03.20"]

1. e4 c6 2. Nc3 d5 3. Nf3 Bg4 4. h3 Bxf3 5. Qxf3 e6 6. d3 Nd7 7. a3 Bd6 8. d4
dxe4 9. Nxe4 Be7 10. Qg3 Ngf6 11. Nd6+ Bxd6 12. Qxd6 Qa5+ 13. Qb4 Qxb4+ 14.
axb4 O-O 15. b5 cxb5 16. Bxb5 a6 17. Be2 e5 18. dxe5 Nxe5 19. Be3 Nd5 20. Bd4
Rfe8 21. O-O-O Nf4 22. Bf1 Rad8 23. Bxe5 Rxd1+ 24. Kxd1 Rxe5 25. g3 Ne6 26. Bg2
b6 27. Kd2 a5 28. h4 Nc5 29. Rf1 Kf8 30. f4 Re8 31. g4 Ke7 32. g5 Kd6 33. Bf3
f6 34. Bg4 Re7 35. c3 g6 36. Bf3 fxg5 37. hxg5 Ne4+ 38. Kd3 Ng3 39. Rg1 Nf5 40.
Be4 Rf7 41. Rd1 Kc5 42. Rg1 Nd6 43. b4+ axb4 44. cxb4+ Kb5 45. Rf1 Nxe4 46.
Kxe4 Kxb4 47. Rb1+ Kc5 48. Rc1+ Kd6 49. Rd1+ Ke6 50. Rc1 Rb7 51. Rc6+ Kd7 52.
Rf6 b5 53. Kd3 Ke8 54. Re6+ Kf7 55. Re4 b4 56. Kc2 b3+ 57. Kb2 Re7 58. Rb4 Ke6
59. Re4+ Kd6 60. Rd4+ Kc5 61. Rd8 Rf7 62. Kxb3 Rxf4 63. Kc3 Rh4 64. Kd3 Rh5 65.
Rd7 Kc6 66. Ra7 Kd5 67. Ke3 Ke5 68. Kf3 Kf5 69. Ra5+ Ke6 70. Ra6+ 1/2-1/2

[Event "XIII C.to Europeo"]
[Site "Plovdiv BUL"]
[Date "2012.03.30"]
[Round "10"]
[White "Codenotti, Marco"]
[Black "Colovic, Aleksandar"]
[Result "1-0"]
[WhiteElo "2328"]
[BlackElo "2436"]
[PlyCount "131"]
[EventDate "2012.03.20"]

1. e4 c5 2. c3 d5 3. exd5 Qxd5 4. d4 Nf6 5. Nf3 Bg4 6. Nbd2 Nc6 7. Bc4 Bxf3 8.
Qb3 Na5 9. Qb5+ Qd7 10. Nxf3 Nxc4 11. Qxc4 cxd4 12. Nxd4 Rc8 13. Qe2 e6 14. O-O
Bc5 15. Rd1 O-O 16. Nb3 Qa4 17. Nxc5 Rxc5 18. b3 Qa5 19. c4 Re5 20. Qd2 Qxd2
21. Bxd2 Rf5 22. Be3 b6 23. h3 Rc8 24. g4 Re5 25. Kf1 h5 26. g5 Ne4 27. Rd7 b5
28. cxb5 Rxb5 29. Rxa7 Rc2 30. Rc1 Nd2+ 31. Bxd2 Rxd2 32. Rc8+ Kh7 33. Rxf7
Rxa2 34. h4 Rb2 35. Rcc7 Rf5 36. Rxf5 exf5 37. Rb7 Kg6 38. Rb6+ Kf7 39. Kg2 g6
40. Kg3 f4+ 41. Kxf4 Rxf2+ 42. Ke5 Re2+ 43. Kd5 Rd2+ 44. Kc5 Rc2+ 45. Kb5 Rh2
46. Rf6+ Ke7 47. Rf4 Rg2 48. Kc5 Ke6 49. b4 Ke5 50. Rc4 Ke6 51. Re4+ Kd7 52.
Rd4+ Kc7 53. Rf4 Rc2+ 54. Kd5 Kd7 55. Rf7+ Ke8 56. Rb7 Kd8 57. Ke6 Rf2 58. Rf7
Re2+ 59. Kf6 Re4 60. Kxg6 Rxh4 61. Rb7 Ke8 62. Kh7 Rg4 63. g6 h4 64. g7 h3 65.
g8=Q+ Rxg8 66. Kxg8 1-0

[Event "XIII C.to Europeo"]
[Site "Plovdiv BUL"]
[Date "2012.03.30"]
[Round "10"]
[White "Dobre, Claudiu-Cristian"]
[Black "Dvirnyy, Danyyil"]
[Result "1/2-1/2"]
[WhiteElo "2334"]
[BlackElo "2507"]
[PlyCount "99"]
[EventDate "2012.03.20"]

1. d4 Nf6 2. Nf3 g6 3. c4 Bg7 4. Nc3 d5 5. Bf4 c5 6. dxc5 Qa5 7. Rc1 dxc4 8. e3
O-O 9. Bxc4 Qxc5 10. Bb3 Qa5 11. O-O Na6 12. Nd5 Nxd5 13. Qxd5 Qxd5 14. Bxd5
Bxb2 15. Rb1 Bf6 16. Bxb7 Bxb7 17. Rxb7 Nc5 18. Rb5 Nd3 19. Rd1 Nxf4 20. exf4
Rfd8 21. Rxd8+ Rxd8 22. Kf1 Rd7 23. Ne5 Rc7 24. Ra5 Kg7 25. Ra6 g5 26. Nc6 gxf4
27. Ke2 Rb7 28. Rxa7 Rb6 29. Rc7 e5 30. Kf3 Ra6 31. Nb4 Ra3+ 32. Kg4 Kg6 33. g3
h5+ 34. Kh3 Bg5 35. Rd7 e4 36. Rd6+ f6 37. Re6 Kf5 38. Re8 Ra4 39. Nc6 f3 40.
a3 Bd2 41. Rb8 Rxa3 42. Rb5+ Kg6 43. g4 h4 44. Ne7+ Kf7 45. Nf5 Ke6 46. Rb6+
Ke5 47. Rb5+ Ke6 48. Rb6+ Ke5 49. Rb5+ Ke6 50. Rb6+ 1/2-1/2

[Event "XIII C.to Europeo"]
[Site "Plovdiv BUL"]
[Date "2012.03.30"]
[Round "10"]
[White "Godena, Michele"]
[Black "Ter-Sahakyan, Samvel"]
[Result "1-0"]
[WhiteElo "2508"]
[BlackElo "2578"]
[PlyCount "83"]
[EventDate "2012.03.20"]

1. e4 c5 2. c3 d5 3. exd5 Qxd5 4. d4 Nf6 5. Nf3 e6 6. Na3 Qd8 7. Nc2 Be7 8. Bd3
O-O 9. Qe2 b6 10. Bf4 Bb7 11. dxc5 bxc5 12. Rd1 Qa5 13. Na3 Nbd7 14. O-O Nb6
15. Ne5 Nbd5 16. Bg3 Rac8 17. Nac4 Qa4 18. Rfe1 Ba8 19. Bc2 Qa6 20. Bd3 Qb7 21.
Qf3 Qa6 22. Qe2 Qa4 23. Bc2 Qe8 24. Bd3 g6 25. Ne3 Nc7 26. h3 Nh5 27. Bh2 f6
28. N5c4 e5 29. Ng4 Qc6 30. f3 Rfd8 31. Ncxe5 fxe5 32. Bc4+ Nd5 33. Nxe5 Qe6
34. Nxg6 Qxe2 35. Nxe7+ Qxe7 36. Rxe7 Nhf6 37. Rxa7 Kf8 38. Be5 Rd7 39. Rxd7
Nxd7 40. Bd6+ Ne7 41. Re1 Re8 42. Bb5 1-0

[Event "XIII C.to Europeo"]
[Site "Plovdiv BUL"]
[Date "2012.03.30"]
[Round "10"]
[White "Stella, Andrea"]
[Black "Dimitrov, Atanas"]
[Result "1/2-1/2"]
[WhiteElo "2439"]
[BlackElo "2318"]
[PlyCount "127"]
[EventDate "2012.03.20"]

1. c4 e6 2. g3 d5 3. Bg2 Nf6 4. Nf3 Nc6 5. O-O Be7 6. b3 O-O 7. Bb2 b6 8. Nc3
Bb7 9. d3 Re8 10. Rc1 Bf8 11. cxd5 exd5 12. Nb5 Nd7 13. e3 a6 14. Nc3 Nc5 15.
d4 Ne4 16. a3 Nxc3 17. Rxc3 Na5 18. Ne5 f6 19. Nd3 c5 20. Nf4 c4 21. bxc4 dxc4
22. Bxb7 Nxb7 23. Rxc4 b5 24. Rc2 Bd6 25. Qf3 Na5 26. Qd5+ Kh8 27. Nd3 Nc4 28.
Nc5 Qe7 29. a4 Nb6 30. Qc6 Bxc5 31. Qxc5 Nxa4 32. Qxe7 Rxe7 33. Ba3 Rb7 34. Rb1
Kg8 35. d5 Rd7 36. e4 Nb6 37. Rc6 Nc4 38. Bb4 Ne5 39. Re6 Rb7 40. Ra1 Nd3 41.
Bd2 Nc5 42. Rc6 Nb3 43. Ra2 Nxd2 44. Rxd2 a5 45. d6 Raa7 46. f4 Kf7 47. e5 Rd7
48. Rb6 b4 49. Rb5 fxe5 50. fxe5 Ke6 51. Ra2 Rdb7 52. Raxa5 Rxb5 53. Rxb5 b3
54. Kf2 b2 55. Ke3 b1=Q 56. Rxb1 Kxe5 57. Rd1 Rd7 58. g4 Rxd6 59. Rxd6 Kxd6 60.
Kd4 g5 61. Ke4 Ke6 62. h3 h6 63. Kd4 Kd6 64. Ke4 1/2-1/2

[Event "XIII C.to Europeo"]
[Site "Plovdiv BUL"]
[Date "2012.03.30"]
[Round "10"]
[White "Valsecchi, Alessio"]
[Black "Bulmaga, Irina"]
[Result "1/2-1/2"]
[WhiteElo "2429"]
[BlackElo "2307"]
[PlyCount "81"]
[EventDate "2012.03.20"]

1. e4 c6 2. c4 d5 3. exd5 cxd5 4. cxd5 Nf6 5. Nc3 Nxd5 6. Nf3 e6 7. Bc4 Nc6 8.
O-O Be7 9. d4 O-O 10. Re1 Bf6 11. Ne4 b6 12. a3 Bb7 13. Qd3 Re8 14. Bd2 Nce7
15. Rad1 Nf5 16. Ba2 a5 17. Bc1 Ba6 18. Qb1 Bb7 19. Bb3 Rc8 20. Ne5 Bxe5 21.
dxe5 Qc7 22. Ng5 h6 23. Nf3 Nde7 24. Nd4 Nxd4 25. Rxd4 Nf5 26. Rc4 Qe7 27. Rxc8
Rxc8 28. Bc2 Nh4 29. Be4 Rc4 30. Qd3 Qc7 31. Bd2 Bxe4 32. Rxe4 Rxe4 33. Qxe4
Qd8 34. Be1 Qd1 35. h3 Nf5 36. Kh2 Nd4 37. f3 Nb3 38. Qa8+ Kh7 39. Qe4+ Kg8 40.
Qa8+ Kh7 41. Qe4+ 1/2-1/2

[Event "XIII C.to Europeo"]
[Site "Plovdiv BUL"]
[Date "2012.03.30"]
[Round "10"]
[White "Yakimenko, Alexander A."]
[Black "Rombaldoni, Axel"]
[Result "0-1"]
[WhiteElo "2223"]
[BlackElo "2464"]
[PlyCount "38"]
[EventDate "2012.03.20"]

1. d4 d5 2. c4 e6 3. Nc3 c6 4. e3 Bd6 5. Nf3 f5 6. Ne5 Nf6 7. f4 O-O 8. Be2 b6
9. O-O Bb7 10. b3 Nbd7 11. Bb2 Rc8 12. Rc1 Qe7 13. Bf3 Ne4 14. Nxe4 dxe4 15.
Be2 Nxe5 16. dxe5 Bc5 17. Qd2 Rfd8 18. Qc3 Bb4 19. Qc2 Rd2 0-1

[Event "XIII C.to Europeo"]
[Site "Plovdiv BUL"]
[Date "2012.03.31"]
[Round "11"]
[White "Dvirnyy, Danyyil"]
[Black "Codenotti, Marco"]
[Result "1-0"]
[WhiteElo "2507"]
[BlackElo "2328"]
[PlyCount "91"]
[EventDate "2012.03.20"]

1. d4 Nf6 2. c4 e6 3. Nc3 Bb4 4. g3 O-O 5. Bg2 d5 6. Nf3 dxc4 7. O-O c5 8. dxc5
Bd7 9. Ne5 Bc6 10. Nxc6 Nxc6 11. Na4 Qxd1 12. Rxd1 Rfd8 13. Bg5 Rxd1+ 14. Rxd1
Rd8 15. Rc1 Bd2 16. Bxd2 Rxd2 17. Bxc6 bxc6 18. Kf1 Rd4 19. e3 Re4 20. Rd1 g5
21. Rd6 Nd5 22. Ke2 c3 23. b3 Re5 24. Kd3 g4 25. a3 Rf5 26. Rxc6 Rxf2 27. Nxc3
Nxc3 28. Kxc3 Rxh2 29. Rc8+ Kg7 30. c6 Rh1 31. Kd2 Rh2+ 32. Kd3 Rh1 33. b4 h5
34. Ke2 Rh2+ 35. Kf1 Rh1+ 36. Kg2 Rc1 37. b5 Kf6 38. Rc7 Rc2+ 39. Kf1 Rb2 40.
a4 Rb1+ 41. Ke2 Rb2+ 42. Kd3 h4 43. Rxf7+ Kxf7 44. c7 hxg3 45. c8=Q g2 46. Qc7+
1-0

[Event "XIII C.to Europeo"]
[Site "Plovdiv BUL"]
[Date "2012.03.31"]
[Round "11"]
[White "Markowski, Tomasz"]
[Black "Godena, Michele"]
[Result "1/2-1/2"]
[WhiteElo "2612"]
[BlackElo "2508"]
[PlyCount "94"]
[EventDate "2012.03.20"]

1. c4 e5 2. g3 Nf6 3. Bg2 c6 4. Nc3 d5 5. d4 exd4 6. Qxd4 Na6 7. Nf3 dxc4 8.
Qxc4 Be7 9. O-O O-O 10. Rd1 Qa5 11. e4 Qh5 12. Nd4 Rd8 13. f3 c5 14. Ndb5 Rxd1+
15. Nxd1 Be6 16. Qe2 c4 17. Ndc3 Nb4 18. Be3 Nd3 19. Rd1 Bc5 20. Nc7 Rc8 21.
Nxe6 fxe6 22. b3 Qg5 23. f4 Ng4 24. Bh3 Bxe3+ 25. Kg2 Bxf4 26. Qxg4 Rc6 27. Ne2
Qxg4 28. Bxg4 Be5 29. bxc4 Nc5 30. Nc1 Rd6 31. Rxd6 Bxd6 32. Nb3 Kf7 33. Nxc5
Bxc5 34. Kf3 Kf6 35. Kf4 Bd6+ 36. Kf3 Ke5 37. h4 g6 38. Bh3 a5 39. a4 b6 40.
Ke3 Bc5+ 41. Kf3 Bb4 42. Ke2 Bc3 43. Kf2 Kd6 44. Ke2 e5 45. Bc8 Kc5 46. Ba6 Kd4
47. Kf3 Be1 1/2-1/2

[Event "XIII C.to Europeo"]
[Site "Plovdiv BUL"]
[Date "2012.03.31"]
[Round "11"]
[White "Nikolova, Adriana"]
[Black "Valsecchi, Alessio"]
[Result "1-0"]
[WhiteElo "2293"]
[BlackElo "2429"]
[PlyCount "83"]
[EventDate "2012.03.20"]

1. e4 c5 2. c3 e6 3. d4 d5 4. exd5 exd5 5. Nf3 Nf6 6. Bb5+ Nc6 7. O-O Be7 8.
dxc5 Bxc5 9. Bg5 Be6 10. Nbd2 h6 11. Bh4 O-O 12. Nb3 Be7 13. Nbd4 Rc8 14. Bd3
Bg4 15. Bf5 Nxd4 16. Bxg4 Nxg4 17. Qxd4 Bxh4 18. Qxg4 Bf6 19. Qb4 Qd7 20. Rad1
Rfd8 21. Rd3 Rc6 22. Qa4 Qf5 23. Rfd1 Ra6 24. Qb3 Rb6 25. Qc2 Qe4 26. R3d2 Qc4
27. a3 Qa2 28. h3 g6 29. Re2 Kg7 30. g3 Rbd6 31. Nd4 Qc4 32. h4 a6 33. h5 Qc8
34. Qd3 b5 35. hxg6 fxg6 36. Rde1 Kh7 37. Ne6 R8d7 38. Nf4 Qg8 39. Re8 Qf7 40.
Rf8 Qg7 41. Ree8 Be5 42. Nh5 1-0

[Event "XIII C.to Europeo"]
[Site "Plovdiv BUL"]
[Date "2012.03.31"]
[Round "11"]
[White "Panteleev, Petar"]
[Black "Stella, Andrea"]
[Result "1/2-1/2"]
[WhiteElo "2347"]
[BlackElo "2439"]
[PlyCount "65"]
[EventDate "2012.03.20"]

1. d4 Nf6 2. c4 g6 3. Nc3 d5 4. Bf4 Bg7 5. e3 c5 6. dxc5 Qa5 7. Rc1 dxc4 8.
Bxc4 O-O 9. Nf3 Qxc5 10. Bb3 Qa5 11. O-O Na6 12. Qe2 Nc5 13. Bc4 Be6 14. Rfd1
Bxc4 15. Qxc4 Ne6 16. Be5 Rac8 17. Qb5 Qxb5 18. Nxb5 a6 19. Nc3 Rfd8 20. Kf1
Ng4 21. Bxg7 Kxg7 22. Ne2 Nf6 23. Ne5 Rc5 24. Rxd8 Nxd8 25. Rd1 Rxe5 26. Rxd8
Rg5 27. g3 Rc5 28. Rb8 Rc7 29. Rd8 Rc5 30. Rb8 Rc7 31. Rd8 Rc5 32. Rb8 Rc7 33.
Rd8 1/2-1/2

[Event "XIII C.to Europeo"]
[Site "Plovdiv BUL"]
[Date "2012.03.31"]
[Round "11"]
[White "Rombaldoni, Axel"]
[Black "Ivanov, Stojan Lubomirov"]
[Result "1-0"]
[WhiteElo "2464"]
[BlackElo "2309"]
[PlyCount "55"]
[EventDate "2012.03.20"]

1. d4 Nf6 2. g3 d5 3. Bg2 Bf5 4. c4 c6 5. Nc3 e6 6. Nf3 h6 7. O-O Be7 8. Qb3
Qb6 9. c5 Qa6 10. Ne5 b6 11. cxb6 axb6 12. Re1 O-O 13. e4 dxe4 14. Nxe4 Nd5 15.
g4 Bh7 16. a4 Qc8 17. Qg3 Nd7 18. g5 hxg5 19. Bxg5 Bxg5 20. Nxg5 Bf5 21. Be4
Ne7 22. Qh4 Nf6 23. Ra3 Ng6 24. Nxg6 fxg6 25. Bxf5 gxf5 26. Rxe6 Ra7 27. Rh3
Qxe6 28. Qh8# 1-0